00853nam a2200229 a 4500001001000000003000900010005001700019007000300036008004100039040002500080082001900105100002500124245012700149260005400276300002900330590002700359650002800386910001400414942001400428952016400442999001700606000033495DO-SdBNP20220922153833.0ta110830s1923 dr c 000 0 spa d aDO-SdBNPbspacBNPHU a362.61 bB574i1 aBáez, Ramon95902210aInspección de los asilos y hospital Padre Billini por la auditoría nacional :bagosto 1920 - junio 1923cRamon Báez. aSanto Domingo :bImp. J. R. Vda. García,c1923. a165 p. ;bretrs.c27 cm. aInventariado, 2022/ YL 4aAsiloszInformes982421 aYLockward 2ddccLBS1 00102ddc51708PD-RVaBNPHUbBNPHUcBDd2011-08-30iLF1o p33495-10r2020-06-25w2020-06-25yLBS1zPerteneció a la biblioteca personal de Martínez Boog c32986d32986